| 000 | 00411nam a22001697a 4500 | ||
|---|---|---|---|
| 003 | SGT | ||
| 020 | _a9789354660191 | ||
| 082 |
_a617.51 _bE22H |
||
| 100 | _aHAZARIKA, P. | ||
| 245 | _aTB. OF EAR, NOSE, THROAT AND HEAD-NECK SURGERY | ||
| 250 | _a5TH | ||
| 260 |
_aINDIA _bCBS PUB _c2022 |
||
| 300 | _a745 | ||
| 650 | _aENT | ||
| 653 | _aTB. OF EAR, NOSE, THROAT AND HEAD-NECK SURGERY | ||
| 942 |
_2ddc _cBK _016 |
||
| 999 |
_c23200 _d23200 |
||